| 000 | 03162nam a22003377a 4500 | ||
|---|---|---|---|
| 001 | TIC 0010 | ||
| 003 | gtcocun | ||
| 005 | 20250923192034.0 | ||
| 006 | a||||gr|||| 00| 0 | ||
| 007 | ta | ||
| 008 | 250923b2021 gt ||||| m||| 00| 0 eng d | ||
| 040 |
_agtcocun _bSPA _cgtcocun _eRDA |
||
| 041 | _aSPA TIC 0010 | ||
| 084 | _0TIC 0010 | ||
| 100 |
_aLeal Tot, Denis Valentín _eAutor |
||
| 245 |
_aDISEÑO Y PLANIFICACIÓN DEL SISTEMA DE ALCANTARILLADO SANITARIO DE LA COLONIA MUNICIPAL SESIBCHE DEL MUNICIPIO DE SAN JUAN CHAMELCO Y DISEÑO Y PLANIFICACIÓN DEL EDIFICIO MUNICIPAL EN LA FINCA SESIBCHE DEL MUNICIPIO DE SAN JUAN CHAMELCO DEL DEPARTAMENTO DE ALTA VERAPAZ _cDenis Valentín Leal Tot. _hImpreso |
||
| 264 |
_aCobán, Alta Verapaz: _bUniversidad de San Carlos de Guatemala, Centro Universitario del Norte, Ingeniería Civil. _c2021 |
||
| 300 |
_a227 p.: _bIlustraciones, gráficas. _c28 cm; |
||
| 300 | _cPDF | ||
| 336 |
_2rdacontenido _aTexto _btxt |
||
| 337 |
_2rdamedio _aComputadora _bn |
||
| 338 |
_2rdasoporte _aCódigo en línea _bcr |
||
| 502 | _eTIC 0010 | ||
| 502 |
_aTesis de grado _bIngeniería Civil, _cUniversidad de San Carlos de Guatemala, Centro Universitario del Norte, Ingeniería Civil _d2021 _oTIC 0010 |
||
| 520 | 1 | 4 | _aEl capítulo I, enmarca la descripción de la unidad de práctica, las funciones y actividades que se realizan además se describe la monografía del municipio de San Juan Chamelco, Alta Verapaz, la misión, visión y objetivos de la municipalidad. Por otra parte, el capítulo I presenta una fase de investigación previa a la elaboración de un plan de trabajo en el cual se describen diversos factores o situaciones encontradas que afectan a la población del municipio. El capítulo II, corresponde a las actividades realizadas, es decir constituye el servicio técnico profesional y se divide en dos que son, el diseño y planificación del sistema de alcantarillado sanitario de la colonia municipal Sesibche y el diseño y planificación del edificio municipal en la finca Sesibche del municipio de San Juan Chamelco. Se fundamentan todos los principios teóricos que sirvieron de base para el diseño de ambos proyectos, para el proyecto del sistema de alcantarillado se incluyen parámetros que el INFOM recomienda para un correcto desempeño del sistema., en el caso del proyecto del diseño del edificio municipal se utilizó el normativo NSE 2-2018 para lograr una configuración sismo resistente de la estructura y el código ACI 318s-14 para la configuración de los elementos estructurales. En el capítulo III se discuten los resultados obtenidos por cada intervención, es decir por cada proyecto elaborado para la municipalidad de San Juan Chamelco. |
| 650 | 1 | 4 |
_2LEMB _aSan Juan Chamelco, Alta Verapaz. _xIngeniría _xAlcantarillado Sanitario _xProyecto _xNorma de seguridad _xEstructural _xPlanificación |
| 700 |
_aIng. Civil Marlon Alexander Moran Castro _eAsesor |
||
| 856 |
_uhttps://drive.google.com/file/d/1a6t8-OLs5M1I700ixzWhh0OqwTdv2I1y/view _yPDF _zUn ejemplar en línea. |
||
| 942 |
_2ddc _cTES _iTIC 0010 _kClasificación _n0 _6TIC_0010_000000000000000 |
||
| 999 |
_c2109 _d2109 |
||